平成に消滅・改称した福岡県の市町村 - Statistics

General Stats
  • This quiz has been taken 23 times
  • The average score is 42 of 53
Answer Stats
変更年月日 変更内容 回答 変更後の市町村 % Correct
2005.02/05 編入合併 田主丸町 久留米市
100%
2005.03/20 新設合併 吉井町 うきは市
100%
2005.03/20 新設合併 浮羽町 うきは市
100%
2006.02/11 新設合併 宮田町 宮若市
100%
2006.02/11 新設合併 若宮町 宮若市
100%
2006.03/20 新設合併 甘木市 朝倉市
100%
2010.01/01 新設合併 前原市 糸島市
100%
2010.01/01 新設合併 二丈町 糸島市
100%
2005.01/24 新設合併 福間町 福津市
92%
2005.01/24 新設合併 津屋崎町 福津市
92%
2005.03/22 新設合併 夜須町 筑前町
92%
2005.03/28 新設合併 宝珠山村 東峰村
92%
2006.03/20 新設合併 朝倉町 朝倉市
92%
2010.01/01 新設合併 志摩町 糸島市
92%
2010.02/01 編入合併 星野村 八女市
92%
2005.02/05 編入合併 北野町 久留米市
83%
2005.02/05 編入合併 三潴町 久留米市
83%
2005.03/21 新設合併 柳川市 柳川市
83%
2005.03/28 編入合併 大島村 宗像市
83%
2005.03/28 新設合併 小石原村 東峰村
83%
2006.01/10 新設合併 築城町 築上町
83%
2006.03/26 新設合併 飯塚市 飯塚市
83%
2006.03/27 新設合併 山田市 嘉麻市
83%
2007.01/29 新設合併 瀬高町 みやま市
83%
2010.02/01 編入合併 黒木町 八女市
83%
2003.04/01 新設合併 宗像市 宗像市
75%
2005.03/22 新設合併 三輪町 筑前町
75%
2005.10/11 新設合併 新吉富村 上毛町
75%
2005.10/11 新設合併 大平村 上毛町
75%
2006.01/10 新設合併 椎田町 築上町
75%
2006.03/06 新設合併 金田町 福智町
75%
2006.03/06 新設合併 赤池町 福智町
75%
2006.03/20 新設合併 杷木町 朝倉市
75%
2006.03/20 新設合併 犀川町 みやこ町
75%
2006.03/27 新設合併 碓井町 嘉麻市
75%
2006.03/27 新設合併 嘉穂町 嘉麻市
75%
2007.01/29 新設合併 高田町 みやま市
75%
2010.02/01 編入合併 矢部村 八女市
75%
2003.04/01 新設合併 玄海町 宗像市
67%
2006.03/06 新設合併 方城町 福智町
67%
2006.03/20 新設合併 勝山町 みやこ町
67%
2006.03/20 新設合併 豊津町 みやこ町
67%
2006.03/27 新設合併 稲築町 嘉麻市
67%
2006.10/01 編入合併 上陽町 八女市
67%
2007.01/29 新設合併 山川町 みやま市
67%
2010.02/01 編入合併 立花町 八女市
67%
2005.02/05 編入合併 城島町 久留米市
58%
2005.03/21 新設合併 大和町 柳川市
58%
2005.03/21 新設合併 三橋町 柳川市
58%
2006.03/26 新設合併 筑穂町 飯塚市
58%
2006.03/26 新設合併 穂波町 飯塚市
58%
2006.03/26 新設合併 庄内町 飯塚市
50%
2006.03/26 新設合併 頴田町 飯塚市
33%
No matching quizzes found
Score Distribution
Percent of People with Each Score
Percentile by Number Answered
Your Score History
You have not taken this quiz